<?xml version="1.0" encoding="UTF-8"?>
<record
    xmlns:xsi="http://www.w3.org/2001/XMLSchema-instance"
    xsi:schemaLocation="http://www.loc.gov/MARC21/slim http://www.loc.gov/standards/marcxml/schema/MARC21slim.xsd"
    xmlns="http://www.loc.gov/MARC21/slim">

  <leader>01413nam a2200241uu 4500</leader>
  <controlfield tag="001">1335038</controlfield>
  <controlfield tag="005">20260508084212.0</controlfield>
  <controlfield tag="008">130704s2009                        spa  </controlfield>
  <datafield tag="020" ind1=" " ind2=" ">
    <subfield code="a">9789589930304</subfield>
  </datafield>
  <datafield tag="035" ind1=" " ind2=" ">
    <subfield code="a">1335038</subfield>
  </datafield>
  <datafield tag="040" ind1=" " ind2=" ">
    <subfield code="c">comduadb</subfield>
  </datafield>
  <datafield tag="041" ind1=" " ind2=" ">
    <subfield code="a">spa</subfield>
  </datafield>
  <datafield tag="080" ind1=" " ind2=" ">
    <subfield code="a">EB</subfield>
  </datafield>
  <datafield tag="100" ind1="1" ind2="0">
    <subfield code="a">Mena Garcia, Maria Isabel</subfield>
    <subfield code="4">aut</subfield>
    <subfield code="e">aut</subfield>
    <subfield code="9">632016</subfield>
  </datafield>
  <datafield tag="245" ind1="1" ind2="0">
    <subfield code="a">Investigando el racismo y la discriminaci&#xF3;n racial en la escuela</subfield>
  </datafield>
  <datafield tag="260" ind1=" " ind2=" ">
    <subfield code="a">Bogot&#xE1; :</subfield>
    <subfield code="b">Alcald&#xED;a Mayor de Bogot&#xE1;,</subfield>
    <subfield code="c">2009.</subfield>
  </datafield>
  <datafield tag="300" ind1=" " ind2=" ">
    <subfield code="a">113 p&#xE1;ginas</subfield>
  </datafield>
  <datafield tag="520" ind1="3" ind2=" ">
    <subfield code="a">El proyecto Dignificaci&#xF3;n de los y las afrodescendientes y de su cultura a trav&#xE9;s de la afroetnoeducacion en Colombia mediante la C&#xE1;tedra de Estudios Afrocolombianos (CEA) como estrategia etnocultura, proyecta la promoci&#xF3;n y  consolidaci&#xF3;n de experiencias etnoeducativas as&#xED; como el fortalecimiento  de las acciones pol&#xED;ticas, pedag&#xF3;gicas y sociales que realcen el proceso de inclusi&#xF3;n, visibilidad y desarrollo de la poblaci&#xF3;n afro descendiente en el escenario de la escuela.. La presente publicaci&#xF3;n corresponde a las memorias del proyecto, recoge los  hallazgos de la primera consultor&#xED;a del proyecto, denominada: Profesores conscientes de sus propios complejos y prejuicios, trabajan para superarlos.</subfield>
  </datafield>
  <datafield tag="650" ind1=" " ind2="7">
    <subfield code="a">Racismo</subfield>
    <subfield code="2">lemb</subfield>
    <subfield code="9">64328</subfield>
  </datafield>
  <datafield tag="650" ind1=" " ind2=" ">
    <subfield code="a">Estudios afrocolombianos</subfield>
    <subfield code="9">163511</subfield>
  </datafield>
  <datafield tag="650" ind1=" " ind2="7">
    <subfield code="a">Discriminaci&#xF3;n en la educaci&#xF3;n</subfield>
    <subfield code="2">lemb</subfield>
    <subfield code="9">869687</subfield>
  </datafield>
  <datafield tag="942" ind1=" " ind2=" ">
    <subfield code="c">BOOK</subfield>
  </datafield>
  <datafield tag="999" ind1=" " ind2=" ">
    <subfield code="c">653764</subfield>
    <subfield code="d">653764</subfield>
  </datafield>
  <datafield tag="952" ind1=" " ind2=" ">
    <subfield code="0">0</subfield>
    <subfield code="1">0</subfield>
    <subfield code="2">FAC</subfield>
    <subfield code="4">0</subfield>
    <subfield code="7">0</subfield>
    <subfield code="8">GENERAL</subfield>
    <subfield code="a">CEDED</subfield>
    <subfield code="b">CEDED</subfield>
    <subfield code="d">2013-07-04</subfield>
    <subfield code="i">C1180357</subfield>
    <subfield code="l">5</subfield>
    <subfield code="o">EB/0014</subfield>
    <subfield code="p">0599310</subfield>
    <subfield code="r">2025-01-31 00:00:00</subfield>
    <subfield code="s">2024-12-05</subfield>
    <subfield code="t">1</subfield>
    <subfield code="w">2023-05-02</subfield>
    <subfield code="y">BOOK</subfield>
    <subfield code="z">Libro con signos de h&#xFA;medad leve en varias p&#xE1;ginas de la parte superior</subfield>
  </datafield>
</record>
